Latin Languages - Sudden Death - Statistics

General Stats
  • This quiz has been taken 85 times
  • The average score is 5 of 9
Answers on the Grid
Answers color-coded by a green-red scale on the quiz's grid according to % correct below.
Cornish
French
Luxembourgish
German
Catalan
Mandarin
Galician
Corsican
Hungarian
Welsh
Romanian
Maltese
Danish
Greek
Asturian
Arabic
Romansh
Basque
English
Spanish
Breton
Portuguese
Dutch
Hebrew
 
Answer Stats
Answer % Correct
French
93%
Portuguese
61%
Romanian
61%
Catalan
56%
Spanish
54%
Corsican
47%
Galician
46%
Romansh
46%
Asturian
33%
No matching quizzes found
Score Distribution
Percent of People with Each Score
Percentile by Number Answered
Your Score History
You have not taken this quiz